000 01001cam a2200157ua 4500
041 _aeng
_h
082 _a614.844
_bIND/CO
110 1 _aIndian standards institution .
_bISI
_c()
245 0 0 _aCode of practice for design and installation of fixed carbon dioxide fire extinguishing system, IS:6382-1984 /
_cIndian standards institution.
_hTextual Documents
250 _a1 /
_b.
260 _aNew Delhi :
_bIndian standards institution ,
_c1986.
300 _a32 ; .
504 _a
942 _cBK
999 _c9999
_d9999